Normal view
MARC view
Entry Personal Name
001 - CONTROL NUMBER
- control field: 90758
003 - CONTROL NUMBER IDENTIFIER
- control field: OSt
005 - DATE AND TIME OF LATEST TRANSACTION
- control field: 20230420094736.0
008 - FIXED-LENGTH DATA ELEMENTS
- fixed length control field: 230420|| aca||aabn | a|a d
040 ## - CATALOGING SOURCE
- Original cataloging agency: OSt
- Transcribing agency: OSt
100 ## - HEADING--PERSONAL NAME
- Personal name: PARIKH (J P);others
670 ## - SOURCE DATA FOUND
- Source citation: Work cat.: (OSt)160772: PARIKH (J P);others., Business communication: basic concepts and skills., 2011